Metallica Lyrics – #7: Phantom Lord - Statistics

General Stats
  • This quiz has been taken 28 times
  • The average score is 49 of 110
Answer Stats
Answer % Correct
Lord
88%
Phantom
88%
The
88%
the
88%
to
88%
and
75%
in
75%
of
75%
You
75%
you
75%
hear
63%
Hear
63%
is
63%
on
63%
your
63%
bow
50%
can
50%
do
50%
ears
50%
Fall
50%
for
50%
knees
50%
night
50%
Now
50%
cry
38%
hand
38%
his
38%
land
38%
metal
38%
nothing
38%
Sound
38%
sound
38%
taste
38%
than
38%
there's
38%
this
38%
through
38%
With
38%
before
25%
control
25%
Crushing
25%
frightening
25%
from
25%
ground
25%
leather
25%
lips
25%
louder
25%
never
25%
onto
25%
ripping
25%
strikes
25%
sword
25%
under
25%
war,
25%
breaking
13%
crying
13%
deafening
13%
failed
13%
fist
13%
has
13%
have
13%
lifting
13%
nears
13%
prevailed
13%
rising
13%
Smoke
13%
terrors
13%
them
13%
volume
13%
whips
13%
armies
0%
Bodies
0%
chains
0%
dying
0%
falling
0%
leathered
0%
pains
0%
Victims
0%
waiting
0%
No matching quizzes found
Score Distribution
Percent of People with Each Score
Percentile by Number Answered
Your Score History
You have not taken this quiz